Zamestnanci a mzdové prostriedky v hospodárstve SR, krajoch a okresoch v roku 2016

Salvato in:
Dettagli Bibliografici
Natura: Libro
Lingua:slovacco
Pubblicazione: Bratislava Štatistický úrad Slovenskej republiky 2017
Serie:Demografia a sociálne štatistiky
Soggetti:
Tags: Aggiungi Tag
Nessun Tag, puoi essere il primo ad aggiungerne!!

MARC

LEADER 00000nlm$a2200000$$$4500
001 0242558
005 20260225083244.5
020 |a 978-80-8121-560-5 
041 0 |a slo 
044 |a SK 
245 1 0 |a Zamestnanci a mzdové prostriedky v hospodárstve SR, krajoch a okresoch v roku 2016 
264 1 |a Bratislava  |b Štatistický úrad Slovenskej republiky  |c 2017 
300 |a 91 s. 
490 1 |a Demografia a sociálne štatistiky 
830 0 |a Demografia a sociálne štatistiky 
500 |a Zdroj dokumentu: Štatistický úrad SR 
610 2 0 |a Slovensko 
610 2 0 |a zamestnanci 
610 2 0 |a mzdy 
610 2 0 |a prostriedky mzdové